000 00421cam a22001337a 4500
008 180718b1997 xxu||||| |||| 00| 0 eng d
082 _aA81x54 91/11/PT2A
100 _aCensus of India 1991
245 _aKarnataka: general population tables
260 _aMysore
_bDirector of Census Operations
_c1997
300 _a784+p.
440 _aCensus of India 1991. Series-11, Karnataka. Part II-A
650 _aKarnataka - Census
999 _c481321
_d481321